La ley penal y su interpretación

Guardat en:
Dades bibliogràfiques
Autor principal: Matus Acuña, Jean Pierre (autor)
Format: Llibre
Idioma:espanyol
Publicat: Santiago Metropolitana 2012
Edició:2a. ed
Matèries:
Etiquetes: Afegir etiqueta
Sense etiquetes, Sigues el primer a etiquetar aquest registre!

MARC

LEADER 00000cam a2200000 a 4500
001 UCF2998
003 CL-VaPUC
008 120914e20120000CL |||||||||||||||||spa|d
020 |a 9789562861472 
082 0 4 |a 345.83  |b MAT  |2 21 
100 |a Matus Acuña, Jean Pierre  |e autor  |9 622291 
245 1 3 |a La ley penal y su interpretación 
250 |a 2a. ed 
300 |a 257 p 
942 |c BK 
945 |d 20120914 00:00:00  |a dcastane 
260 |a Santiago  |b Metropolitana  |c 2012 
650 7 |a DERECHO PENAL  |2 CL-VaPUC  |9 11 
650 7 |a DERECHO PENAL CHILENO  |2 CL-VaPUC  |9 564876 
650 0 |a Código penal  |9 255935 
650 0 |a Código penal chileno  |9 484032 
650 0 |a Ley penal  |9 256611 
583 |a last modification  |c 20120914 00:13:00  |k Rodrigo Vera 
999 |c 349520  |d 349518 
952 |0 0  |1 0  |2 ddc  |4 0  |6 345_830000000000000_MAT_2012  |7 0  |8 A  |9 452148  |a BIBDER  |b BIBDER  |d 2019-11-22  |i 4905547  |l 1  |m 1  |o 345.83 MAT 2012  |p 4905547  |r 2023-03-31  |s 2020-03-23  |w 2019-11-22  |y BK  |k DER